00757nam a2200169 a 4500008004100000020001800041050001500059100002200074245005300096260005600149300001700205350001000222650001700232995017500249999001700424952014600441151116s2010 ||||||||||||||||| || u a9788184489088 aRD 731 Sab aSabat, Dhananjaya10aShort review of orthopedicscBy Dhananjaya Sabat aNew DelhibJaypee Brothers Medical publishersc2010 a510p.: ill.  a30.00 aORTHODONTICS aMEDICAL LIBRARY OPEN ACCESSe903272FCBU-SCHOOL OF MEDICINE LIBRARY (Ndola)I30.00jRD 731 SabM1UAVAILABLEWJan 26, 2016y903272ZMedical Library Open Access Collection c32703d32703 00102lcc4070a002b002cMedical Library Open Access Collectiond2022-11-30l1oRD 731 Sabp903272r2026-07-02s2026-06-22w2022-11-30y002